000 004340000a22001810004500
003 MACL
005 20151016153306.0
008 151016b xxu||||| |||| 00| 0 eng d
040 _aMACL
_cMACL
041 _aEnglish
082 _a920/CHA
100 _aChavda, V K
_914131
245 _aSayaji Rao Gaekwad
260 _bNational Books Trust
_c1972
_aNew Delhi
350 _a3.50
650 _aBiography
_915358
942 _cBK
_k920
_2ddc
999 _c7231
_d7231